000 00734nam a2200277Ia 4500
005 20260324111757.0
008 008 260324s9999 xx 000 0 eng d
020 _a9781032635347
037 _aEBOOK
040 _aCRL
040 _beng
040 _cCRL
041 _2eng
041 _aeng
084 _qCRL
100 _aAjit Behera; Kuldeep K Saxena; Dipen Kumar Rajak; Shankar Sehgal
_91139979
245 0 _aMulti-scale and Multifunctional Coatings and Interfaces for Tribological Contacts
260 _bTaylor and Francis
260 _c2025
365 _a
365 _b340
856 _uhttp://www.taylorfrancis.com/books/9781032635347
942 _cEBOOK
999 _c1728899
_d1728899